000 00459nam a22001697a 4500
005 20251108171107.0
008 250721s9999 xx 000 0 ara d
082 1 4 _a216.2/نوو
100 1 _aالنووي، محيي الدين أبو زكريا يحيى بن شرف
245 1 0 _aالأذكار النووية /
264 _c[19-].
300 _a382ص
650 1 7 _aالإسلام
650 1 7 _aالأذكار
942 _2ddc
_cBK
999 _c56415
_d56415